[Event "ESP-ch U12"]
[Site "Salobrena"]
[Date "2021.07.06"]
[Round "3"]
[White "Rojas Fernandez, Antonio"]
[Black "Sena Casas, Mateo"]
[Result "1/2-1/2"]
[WhiteElo "1694"]
[BlackElo "1330"]
[PlyCount "60"]
[EventDate "2021.07.05"]
[EventType "swiss"]
[EventRounds "9"]
[EventCountry "ESP"]
[SourceTitle "EXT 2022"]
[Source "ChessBase"]
[SourceDate "2021.10.06"]
[SourceVersion "1"]
[SourceVersionDate "2021.10.06"]
[SourceQuality "1"]

1. e4 e5 2. Nf3 Nc6 3. Bc4 Bc5 4. d3 Nf6 5. Be3 Bb6 6. Nc3 d6 7. h3 Be6 8. Bb3 Qd7 9. d4 exd4 10. Nxd4 0-0-0 11. 0-0 h6 12. Nxc6 Qxc6 13. Nd5 Qd7 14. Bxb6 cxb6 15. Qd3 Nxd5 16. Bxd5 g5 17. Bxe6 Qxe6 18. Qd5 Qd7 19. Qf5 Rhe8 20. Rfe1 Re5 21. Qxd7+ Rxd7 22. Rad1 Kc7 23. Rd5 b5 24. f3 Rde7 25. Red1 R7e6 26. Kf2 Kc6 27. c3 h5 28. g4 h4 29. b3 a5 30. a3 b6 1/2-1/2